000 00590nam a2200193Ia 4500
005 20250326144753.0
008 250326s9999 xx 000 0 und d
020 _a0-333-94770-3
037 _aTextbook
040 _aFMSL
_beng
_cFMSL
041 _aeng
_2eng
084 _aSNIobL P1
_qFMSL
100 _aAshburner Lynn
_9742386
245 0 _aOrganisational behaviour and orgnisational studies in health care:Reflections on the future
_cAshburner Lynn
260 _aNY
_bNY, Palgrave
_c2001
300 _axxiii,305
942 _cTB
_hSNIobL P1
999 _c1304974
_d1304974